[Event "Miedzywojewodzkie Mistrzostwa Juniorow O"]
[Site "Pokrzywna"]
[Date "2025.??.??"]
[Round "5.1"]
[White "Ciupek, Oskar"]
[Black "Pisarski, Marek"]
[Result "1-0"]
[WhiteElo "1840"]
[BlackElo "1563"]
[PlyCount "83"]
[EventDate "2025.??.??"]

1. d4 Nf6 2. c4 c5 3. d5 e6 4. Nc3 exd5 5. cxd5 d6 6. e4 g6 7. f4 a6 8. a4 Bg4
9. Nf3 Bxf3 10. Qxf3 Nbd7 11. Bd3 Qe7 12. Bd2 Bg7 13. O-O O-O 14. Rae1 Rfe8 15.
Kh1 Rac8 16. Be3 Rf8 17. h3 Ne8 18. Bc2 Nc7 19. Rd1 b5 20. e5 b4 21. exd6 Qxd6
22. Ne4 Qb6 23. b3 Ne8 24. f5 Nef6 25. Ng3 Rcd8 26. Qf2 Rfe8 27. fxg6 fxg6 28.
h4 Kh8 29. Bg5 Rf8 30. Qd2 Qd6 31. Bf4 Qb6 32. Qd3 Ng4 33. Ne4 Nde5 34. Qh3
Rde8 35. h5 gxh5 36. Qxh5 h6 37. d6 Rd8 38. Bxe5 Nxe5 39. Rxf8+ Rxf8 40. d7 Qc7
41. Nf6 Qd8 42. Qf5 1-0

[Event "Miedzywojewodzkie Mistrzostwa Juniorow O"]
[Site "Pokrzywna"]
[Date "2025.??.??"]
[Round "5.2"]
[White "Piotrowski, Aleksander"]
[Black "Malinowski, Tobiasz"]
[Result "0-1"]
[WhiteElo "1468"]
[BlackElo "1709"]
[PlyCount "68"]
[EventDate "2025.??.??"]

1. e4 c5 2. d4 cxd4 3. c3 dxc3 4. Nxc3 e6 5. Bc4 Nc6 6. Bf4 Bb4 7. Nge2 Nf6 8.
a3 Be7 9. Nb5 e5 10. Be3 O-O 11. Qc2 d5 12. Rd1 d4 13. f4 Qb6 14. Bg1 a6 15.
fxe5 axb5 16. exf6 Bxf6 17. Bd5 Bg4 18. Bxc6 bxc6 19. Rc1 Qa5+ 20. Qd2 Qxd2+
21. Kxd2 Bg5+ 22. Kd1 Bxc1 23. Kxc1 Bxe2 24. Bxd4 Ra4 25. b4 Rxa3 26. Re1 Bc4
27. Kb2 Rfa8 28. Bxg7 Rb3+ 29. Kc1 Kxg7 30. Re2 Ra1+ 31. Kc2 Ra2+ 32. Kc1 Bxe2
33. e5 Bd3 34. e6 Rb1# 0-1

[Event "Miedzywojewodzkie Mistrzostwa Juniorow O"]
[Site "Pokrzywna"]
[Date "2025.??.??"]
[Round "5.3"]
[White "Sieczkowski, Bartosz"]
[Black "Cichocki, Aleksander"]
[Result "0-1"]
[WhiteElo "1478"]
[BlackElo "1753"]
[PlyCount "74"]
[EventDate "2025.??.??"]

1. e4 e5 2. Nf3 Nc6 3. d4 exd4 4. Bc4 Bb4+ 5. c3 dxc3 6. O-O d6 7. Qb3 Be6 8.
Bxe6 fxe6 9. Qxe6+ Qe7 10. Qxe7+ Ngxe7 11. Nxc3 O-O 12. Bd2 Rad8 13. a3 Bxc3
14. Bxc3 d5 15. exd5 Nxd5 16. Rac1 Nf4 17. Rc2 Rfe8 18. g3 Ne2+ 19. Kg2 Nxc3
20. Rxc3 Re2 21. b4 Rd7 22. Re1 Rxe1 23. Nxe1 Ne7 24. Nd3 Nd5 25. Rb3 c6 26.
Ne5 Re7 27. Nf3 Kf7 28. Nd4 Kf6 29. Nf3 h6 30. g4 g5 31. h3 Nf4+ 32. Kg3 Re4
33. Nd2 Re1 34. Nf3 Rh1 35. Nh2 Ne2+ 36. Kg2 Rg1+ 37. Kf3 Nd4+ 0-1

[Event "Miedzywojewodzkie Mistrzostwa Juniorow O"]
[Site "Pokrzywna"]
[Date "2025.??.??"]
[Round "5.4"]
[White "Szczypka, Sebastian"]
[Black "Janik, Albert"]
[Result "1-0"]
[WhiteElo "1651"]
[BlackElo "1663"]
[PlyCount "87"]
[EventDate "2025.??.??"]

1. e4 c5 2. c3 Nf6 3. e5 Nd5 4. d4 cxd4 5. cxd4 d6 6. Nf3 Nc6 7. Be2 g6 8. exd6
Qxd6 9. O-O Bg7 10. a3 O-O 11. Re1 Bg4 12. Be3 Nb6 13. Nc3 Bxf3 14. Bxf3 Nxd4
15. Bxd4 Qxd4 16. Qxd4 Bxd4 17. Rxe7 Bxc3 18. bxc3 Rac8 19. Rxb7 Rxc3 20. Rxa7
Rb8 21. Rb7 Rbc8 22. h3 Na4 23. Bd5 Rf8 24. Rb4 Nc5 25. a4 Rc2 26. Rc4 Rxc4 27.
Bxc4 Rc8 28. a5 Nd7 29. Bb5 Rc7 30. Kf1 Kf8 31. Rd1 Ke7 32. Rxd7+ Rxd7 33. Bxd7
Kxd7 34. Ke2 Kc6 35. Ke3 h6 36. Kd4 f6 37. a6 h5 38. a7 Kb7 39. Kd5 h4 40. Ke6
f5 41. Kf6 f4 42. Kxg6 Kxa7 43. Kg5 f3 44. gxf3 1-0

[Event "Miedzywojewodzkie Mistrzostwa Juniorow O"]
[Site "Pokrzywna"]
[Date "2025.??.??"]
[Round "5.5"]
[White "Reterski, Igor"]
[Black "Schudy, Michal"]
[Result "0-1"]
[WhiteElo "1481"]
[BlackElo "1565"]
[PlyCount "76"]
[EventDate "2025.??.??"]

1. d4 d5 2. Nf3 e6 3. Bf4 c6 4. e3 Bd6 5. Bg3 f5 6. Bd3 Nf6 7. c3 O-O 8. Nbd2
Qe7 9. Ne5 Bd7 10. h4 Be8 11. Bh2 Nbd7 12. g4 Bxe5 13. g5 Bxh2 14. gxf6 Rxf6
15. Rxh2 Rh6 16. Nf3 Bh5 17. c4 Bxf3 18. Qxf3 Rxh4 19. Rxh4 Qxh4 20. cxd5 cxd5
21. Bb5 Nb6 22. Rc1 a6 23. Bd3 Rc8 24. Rd1 Qg4 25. Qh1 Na4 26. b3 Nb2 27. f3
Qg3+ 28. Kf1 Nxd3 29. Qg2 Qxg2+ 30. Kxg2 Nb4 31. a3 Nc2 32. Rc1 Nxe3+ 33. Kf2
Rxc1 34. Kxe3 Rc3+ 35. Kd2 Rxf3 36. Kc2 g5 37. a4 g4 38. Kd2 Rxb3 0-1

[Event "Miedzywojewodzkie Mistrzostwa Juniorow O"]
[Site "Pokrzywna"]
[Date "2025.??.??"]
[Round "5.6"]
[White "Buziak, Szymon"]
[Black "Schoenfelder, Jakub"]
[Result "0-1"]
[WhiteElo "1527"]
[BlackElo "1462"]
[PlyCount "63"]
[EventDate "2025.??.??"]

1. d4 Nf6 2. c4 e6 3. Nc3 b6 4. e3 Bb7 5. Nf3 c5 6. Be2 Be7 7. b3 cxd4 8. exd4
O-O 9. O-O Bb4 10. Bb2 Qe7 11. Nb5 Nc6 12. a3 Bd6 13. Rc1 Bf4 14. Ra1 a6 15.
Nc3 Rfe8 16. a4 Qb4 17. Na2 Qe7 18. Nc1 d6 19. Nd3 Bh6 20. Re1 Nd7 21. Ba3 g6
22. Nde5 Bg7 23. Nxc6 Bxc6 24. Bf1 e5 25. dxe5 Nxe5 26. Nxe5 Bxe5 27. Bxd6 Qxd6
28. Qxd6 Bxd6 29. Red1 Be5 30. Rac1 Be4 31. Re1 Bf4 32. Rcd1 {zapis nieczytelny
} 0-1

[Event "Miedzywojewodzkie Mistrzostwa Juniorow O"]
[Site "Pokrzywna"]
[Date "2025.??.??"]
[Round "6.1"]
[White "Szczypka, Sebastian"]
[Black "Ciupek, Oskar"]
[Result "1/2-1/2"]
[WhiteElo "1651"]
[BlackElo "1840"]
[PlyCount "101"]
[EventDate "2025.??.??"]

1. e4 e5 2. Nf3 Nc6 3. d4 exd4 4. Bc4 Nf6 5. e5 Ng4 6. O-O f6 7. exf6 Nxf6 8.
Nxd4 Nxd4 9. Qxd4 d5 10. Bb3 Be7 11. Re1 O-O 12. Bg5 c6 13. c3 h6 14. Bh4 b6
15. Qd3 Bd6 16. Bc2 Qc7 17. Bg3 c5 18. Bxd6 Qxd6 19. Qg3 Qd8 20. Nd2 Bg4 21. f3
Bd7 22. Bg6 Be8 23. Bxe8 Rxe8 24. Rxe8+ Qxe8 25. Re1 Qd7 26. Qf4 Rf8 27. Re5
Qb5 28. Nf1 Qxb2 29. Qd2 Qb1 30. Re7 a5 31. Re1 Qf5 32. Qb2 Nd7 33. Ng3 Qg5 34.
Qe2 Qf6 35. Qd3 Qf7 36. Rd1 Nf6 37. Nf5 Qd7 38. Re1 Re8 39. Nxh6+ Kf8 40. Rxe8+
Qxe8 41. Nf5 Qe1+ 42. Qf1 Qxc3 43. Qe2 Ng8 44. Nd6 Ne7 45. Qe6 Qd4+ 46. Kf1 Qf6
47. Qd7 Qa1+ 48. Kf2 Qd4+ 49. Kf1 Qd1+ 50. Kf2 Qd4+ 51. Kf1 1/2-1/2

[Event "Miedzywojewodzkie Mistrzostwa Juniorow O"]
[Site "Pokrzywna"]
[Date "2025.??.??"]
[Round "6.2"]
[White "Malinowski, Tobiasz"]
[Black "Cichocki, Aleksander"]
[Result "0-1"]
[WhiteElo "1709"]
[BlackElo "1753"]
[PlyCount "120"]
[EventDate "2025.??.??"]

1. d4 g6 2. c4 Bg7 3. Nc3 d6 4. e4 Nf6 5. Be2 Nc6 6. Bg5 h6 7. Be3 e5 8. d5 Ne7
9. Qd2 Bd7 10. h4 h5 11. f3 a6 12. Nh3 Rb8 13. O-O-O b5 14. cxb5 axb5 15. Rdg1
Rb7 16. g4 hxg4 17. Ng5 b4 18. Nd1 gxf3 19. Bxf3 c6 20. dxc6 Bxc6 21. h5 Nxh5
22. Bxh5 Rxh5 23. Rxh5 gxh5 24. Qf2 Ng6 25. Qf5 Qc7 26. Kb1 Qd7 27. Nxf7 Qxf7
28. Qc8+ Ke7 29. Qxc6 Rd7 30. Bg5+ Bf6 31. Ne3 Bxg5 32. Rxg5 Nf4 33. Rg7 Qxg7
34. Nf5+ Ke6 35. Nxg7+ Rxg7 36. Qe8+ Re7 37. Qg8+ Rf7 38. Qe8+ Re7 39. Qc8+ Rd7
40. Qc4+ Kf6 41. Qxb4 h4 42. Qe1 Rh7 43. a4 h3 44. a5 h2 45. Qh1 Ne2 46. Ka2
Ng3 47. Qd1 h1=Q 48. Qxd6+ Kg5 49. Qd8+ Kf4 50. Qf6+ Kxe4 51. Qg6+ Kf4 52. a6
Qh6 53. Qd3 e4 54. Qd2+ e3 55. Qd4+ Ne4 56. a7 Qa6+ 57. Kb3 Qxa7 58. Qc4 Rb7+
59. Kc2 Rc7 60. Qxc7+ Qxc7+ 0-1

[Event "Miedzywojewodzkie Mistrzostwa Juniorow O"]
[Site "Pokrzywna"]
[Date "2025.??.??"]
[Round "6.3"]
[White "Schudy, Michal"]
[Black "Piotrowski, Aleksander"]
[Result "1/2-1/2"]
[WhiteElo "1565"]
[BlackElo "1468"]
[PlyCount "88"]
[EventDate "2025.??.??"]

1. e4 c5 2. Nf3 d6 3. d4 cxd4 4. Nxd4 Nf6 5. Nc3 g6 6. f3 Bg7 7. Be3 Nc6 8. Qd2
O-O 9. O-O-O d5 10. exd5 Nxd5 11. Nxc6 bxc6 12. Nxd5 cxd5 13. Qxd5 Qc7 14. Be2
Bf5 15. Qc4 Qe5 16. Qd4 Qb8 17. Bf4 Bxd4 18. Bxb8 Be3+ 19. Kb1 Raxb8 20. Bc4
Rfc8 21. Bb3 Rxb3 22. axb3 Bxc2+ 23. Ka2 Bxd1 24. Rxd1 Rc2 25. Re1 Bc1 26. Kb1
Rxb2+ 27. Kxc1 Rxg2 28. Rxe7 a5 29. Ra7 Rxh2 30. Rxa5 Rh3 31. b4 Rxf3 32. b5
Rc3+ 33. Kb2 Rc8 34. b6 Rb8 35. Rb5 h5 36. Kc3 h4 37. Kc4 h3 38. Kc5 g5 39. Kc6
g4 40. Rg5+ Kf8 41. Rxg4 Ke7 42. Rh4 Rc8+ 43. Kb7 Rc3 44. Kb8 Kd7 1/2-1/2

[Event "Miedzywojewodzkie Mistrzostwa Juniorow O"]
[Site "Pokrzywna"]
[Date "2025.??.??"]
[Round "6.4"]
[White "Szeliga, Cezary"]
[Black "Pisarski, Marek"]
[Result "1-0"]
[WhiteElo "1525"]
[BlackElo "1563"]
[PlyCount "39"]
[EventDate "2025.??.??"]

1. e4 e5 2. Nf3 Nc6 3. d4 exd4 4. Nxd4 Qh4 5. Nc3 Bb4 6. Be3 Bxc3+ 7. bxc3 Qxe4
8. Bd3 Qxg2 9. Kd2 Nxd4 10. cxd4 Qc6 11. Rg1 Ne7 12. Qe2 Kf8 13. Rae1 d5 14.
Bg5 Be6 15. f4 Nc8 16. f5 Bd7 17. Bb5 Qxb5 18. Qxb5 Bxb5 19. f6 gxf6 20. Bh6#
1-0

[Event "Miedzywojewodzkie Mistrzostwa Juniorow O"]
[Site "Pokrzywna"]
[Date "2025.??.??"]
[Round "6.5"]
[White "Schoenfelder, Jakub"]
[Black "Sieczkowski, Bartosz"]
[Result "1/2-1/2"]
[WhiteElo "1462"]
[BlackElo "1478"]
[PlyCount "51"]
[EventDate "2025.??.??"]

1. d4 d5 2. c4 e6 3. cxd5 exd5 4. Nc3 Nf6 5. Nf3 Bd6 6. Bg5 c6 7. e3 O-O 8. Be2
Re8 9. O-O Nbd7 10. Qc2 Be7 11. Rac1 Ne4 12. Bxe7 Qxe7 13. Nxe4 dxe4 14. Nd2
Qe6 15. Bc4 Qg6 16. f3 exf3 17. Rxf3 Rf8 18. Qxg6 hxg6 19. Rcf1 Nf6 20. e4 Be6
21. Bxe6 fxe6 22. Rg3 Kh7 23. Rh3+ Kg8 24. Rg3 Kh7 25. Rh3+ Kg8 26. Rg3 1/2-1/2

[Event "Miedzywojewodzkie Mistrzostwa Juniorow O"]
[Site "Pokrzywna"]
[Date "2025.??.??"]
[Round "6.7"]
[White "Buziak, Szymon"]
[Black "Reterski, Igor"]
[Result "1-0"]
[WhiteElo "1527"]
[BlackElo "1481"]
[PlyCount "109"]
[EventDate "2025.??.??"]

1. e4 e6 2. d4 d5 3. exd5 exd5 4. Bd3 Bd6 5. Nf3 Nf6 6. Bg5 Bg4 7. O-O Nc6 8.
Re1+ Be6 9. Nc3 O-O 10. h3 Be7 11. Be3 Re8 12. a3 a6 13. Qd2 Bf8 14. Bf1 Bf5
15. Bf4 Be4 16. Ng5 Bd6 17. Bxd6 Qxd6 18. Ngxe4 Nxe4 19. Nxe4 dxe4 20. c3 Na5
21. Qc2 f5 22. Qa4 Nc6 23. Qb3+ Kh8 24. Qc2 b5 25. Re3 Re6 26. Rd1 Rg6 27. Rde1
Ne7 28. g3 Nd5 29. R3e2 Nf4 30. Re3 Nh5 31. Bg2 Nf6 32. R3e2 Re8 33. Kh1 c5 34.
Rd1 c4 35. Qd2 Rh6 36. Kg1 Nd5 37. Qg5 Qf6 38. Qxf6 Nxf6 39. Rde1 Nd5 40. f3
Nf6 41. fxe4 fxe4 42. Bxe4 Rxh3 43. Kg2 Rh6 44. Kf3 g5 45. Bc2 Rxe2 46. Rxe2
Nd5 47. Re5 Nc7 48. Rxg5 Rf6+ 49. Rf5 Rxf5+ 50. Bxf5 a5 51. Ke4 Kg7 52. d5 Ne8
53. Ke5 h6 54. d6 Kf7 55. d7 1-0

[Event "Miedzywojewodzkie Mistrzostwa Juniorow O"]
[Site "Pokrzywna"]
[Date "2025.??.??"]
[Round "7.1"]
[White "Ciupek, Oskar"]
[Black "Piotrowski, Aleksander"]
[Result "1-0"]
[WhiteElo "1840"]
[BlackElo "1468"]
[PlyCount "63"]
[EventDate "2025.??.??"]

1. e4 c5 2. Nf3 d6 3. d4 cxd4 4. Nxd4 Nf6 5. Nc3 g6 6. Be3 Bg7 7. f3 Nc6 8. Qd2
O-O 9. Be2 a6 10. g4 Be6 11. h4 d5 12. e5 Nd7 13. f4 Nxd4 14. Bxd4 b5 15. Rg1
Nb6 16. O-O-O Nc4 17. Bxc4 dxc4 18. Nb1 Qc7 19. f5 gxf5 20. gxf5 Bxf5 21. Qg5
Bg6 22. h5 f6 23. Qg3 Rad8 24. hxg6 Bh6+ 25. Nd2 Qd7 26. gxh7+ Kh8 27. Bc3 a5
28. exf6 b4 29. fxe7+ bxc3 30. exf8=Q+ Rxf8 31. Qg8+ Rxg8 32. hxg8=Q# 1-0

[Event "Miedzywojewodzkie Mistrzostwa Juniorow O"]
[Site "Pokrzywna"]
[Date "2025.??.??"]
[Round "7.2"]
[White "Cichocki, Aleksander"]
[Black "Schudy, Michal"]
[Result "1/2-1/2"]
[WhiteElo "1753"]
[BlackElo "1565"]
[PlyCount "96"]
[EventDate "2025.??.??"]

1. e4 c5 2. Nc3 g6 3. g3 Bg7 4. Bg2 Nc6 5. d3 Nf6 6. f4 O-O 7. Nh3 d6 8. O-O
Bd7 9. f5 Qc8 10. g4 Ne5 11. Nf2 b5 12. h3 a5 13. Ne2 b4 14. Nf4 a4 15. g5 Ne8
16. Nd5 Qd8 17. Ng4 Nxg4 18. Qxg4 Nc7 19. Ne3 Bd4 20. Kh1 a3 21. Nd1 Ra6 22. c3
axb2 23. Bxb2 bxc3 24. Bxc3 Bxc3 25. Nxc3 Ra3 26. Rac1 d5 27. Qh4 h5 28. fxg6
fxg6 29. Rxf8+ Qxf8 30. Rf1 Qg7 31. Nxd5 Nxd5 32. exd5 Rxd3 33. Qe4 Rd4 34. Qe2
Bf5 35. Rc1 c4 36. Rxc4 Rxc4 37. Qxc4 Qa1+ 38. Kh2 Qe5+ 39. Kh1 Qa1+ 40. Kh2
Qe5+ 41. Kg1 Qe1+ 42. Qf1 Qe3+ 43. Kh2 Qxg5 44. Qf2 Qf6 45. h4 Qe5+ 46. Qg3 Qb2
47. a3 Be4 48. a4 Kg7 1/2-1/2

[Event "Miedzywojewodzkie Mistrzostwa Juniorow O"]
[Site "Pokrzywna"]
[Date "2025.??.??"]
[Round "7.3"]
[White "Szeliga, Cezary"]
[Black "Malinowski, Tobiasz"]
[Result "0-1"]
[WhiteElo "1525"]
[BlackElo "1709"]
[PlyCount "70"]
[EventDate "2025.??.??"]

1. e4 c5 2. Nf3 Nc6 3. Bb5 g6 4. Bxc6 dxc6 5. d3 Bg7 6. h3 e5 7. Be3 Qe7 8.
Nbd2 Nf6 9. Nc4 Nd7 10. a4 b6 11. Nfd2 O-O 12. O-O Ba6 13. Rb1 Rfd8 14. Re1 Nf8
15. Qc1 Ne6 16. Na3 Rd7 17. Nf3 Rad8 18. b3 f6 19. Rb2 f5 20. exf5 gxf5 21. Bh6
e4 22. Bxg7 Qxg7 23. Nd2 Nf4 24. g3 exd3 25. Kh2 Ne2 26. Qb1 dxc2 27. Qxc2 Rxd2
28. Qxd2 Rxd2 29. Rxd2 Qc3 30. Red1 Nd4 31. Rd3 Bxd3 32. Rg1 Qd2 33. Rg2 Nf3+
34. Kh1 Qe1+ 35. Rg1 Qxg1# 0-1

[Event "Miedzywojewodzkie Mistrzostwa Juniorow O"]
[Site "Pokrzywna"]
[Date "2025.??.??"]
[Round "7.4"]
[White "Pisarski, Marek"]
[Black "Szczypka, Sebastian"]
[Result "0-1"]
[WhiteElo "1563"]
[BlackElo "1651"]
[PlyCount "92"]
[EventDate "2025.??.??"]

1. e4 c5 2. Nf3 d6 3. d4 cxd4 4. Nxd4 Nf6 5. Nc3 Nc6 6. f3 e5 7. Nb3 a5 8. a4
Nb4 9. Be3 Be7 10. Bc4 O-O 11. Nd5 Nfxd5 12. Bxd5 Qc7 13. c3 Nxd5 14. Qxd5 Be6
15. Qd1 Qc4 16. Nd2 Qd3 17. Qe2 Qc2 18. Qb5 Rfd8 19. O-O Bd7 20. Qb3 Qxb3 21.
Nxb3 Be6 22. Nd2 d5 23. Bb6 Rd7 24. exd5 Rxd5 25. Ne4 f5 26. Nf2 Rd2 27. Bc7
Bc5 28. Bxe5 Bc4 29. Bf4 Rxb2 30. Rab1 Bxf2+ 31. Kh1 Rxb1 32. Rxb1 Rd8 33. g3
Bd5 34. Kg2 Bc5 35. Rb5 b6 36. Bc7 Re8 37. Bxb6 Bxb6 38. Rxd5 g6 39. Rb5 Re6
40. c4 Bc7 41. Kf2 Re7 42. c5 Kf7 43. f4 Ke6 44. Ke3 Kd5+ 45. Kd3 Kc6 46. h3
Re4 0-1

[Event "Miedzywojewodzkie Mistrzostwa Juniorow O"]
[Site "Pokrzywna"]
[Date "2025.??.??"]
[Round "7.5"]
[White "Schoenfelder, Jakub"]
[Black "Janik, Albert"]
[Result "1/2-1/2"]
[WhiteElo "1462"]
[BlackElo "1663"]
[PlyCount "83"]
[EventDate "2025.??.??"]

1. d4 d5 2. c4 c6 3. cxd5 cxd5 4. Nc3 Nf6 5. Bf4 Nc6 6. e3 a6 7. Bd3 Bg4 8.
Nge2 e6 9. O-O Be7 10. f3 Bh5 11. Bg3 O-O 12. a3 Na5 13. Rc1 Rc8 14. Nf4 Bg6
15. Nxg6 hxg6 16. Ne2 Nc4 17. Bxc4 dxc4 18. Qc2 b5 19. Qc3 Nd5 20. Qd2 Qd7 21.
e4 Nb6 22. Rfd1 Rfd8 23. Qe3 f6 24. Nc3 e5 25. Bf2 Qb7 26. dxe5 Rxd1+ 27. Rxd1
Bc5 28. Qf4 Bxf2+ 29. Kxf2 Nd7 30. exf6 gxf6 31. Nd5 Kg7 32. Qg4 Re8 33. Nf4
Ne5 34. Qh3 Qb6+ 35. Kf1 Rh8 36. Qg3 Qc6 37. Rd5 Rh6 38. Rc5 Qb6 39. Rd5 g5 40.
Ne2 Qe3 41. Rd6 Qb3 42. Nd4 1/2-1/2

[Event "Miedzywojewodzkie Mistrzostwa Juniorow O"]
[Site "Pokrzywna"]
[Date "2025.??.??"]
[Round "7.6"]
[White "Sieczkowski, Bartosz"]
[Black "Reterski, Igor"]
[Result "1-0"]
[WhiteElo "1478"]
[BlackElo "1481"]
[PlyCount "77"]
[EventDate "2025.??.??"]

1. e4 c5 2. Nf3 g6 3. d4 cxd4 4. Nxd4 Nc6 5. Be2 Bg7 6. Be3 Nf6 7. Nc3 O-O 8.
O-O Re8 9. Kh1 d5 10. Nxc6 bxc6 11. e5 Nd7 12. f4 Bb7 13. Bg4 e6 14. Qe1 c5 15.
Bd2 Qb6 16. Rb1 Qc6 17. Qh4 Nf8 18. a4 a6 19. Bf3 Nd7 20. b3 Rab8 21. Nd1 c4
22. Nf2 cxb3 23. cxb3 Nc5 24. Ng4 Ne4 25. Rbc1 Qb6 26. Bxe4 dxe4 27. Be3 Qxb3
28. Nf6+ Bxf6 29. exf6 h5 30. Qg5 Qb2 31. Rb1 Qa3 32. Bc5 Qc3 33. Rfc1 e3 34.
Rxc3 Bxg2+ 35. Kxg2 Rxb1 36. Qh6 Rb2+ 37. Kf3 Rf2+ 38. Kxe3 Rxh2 39. Qg7# 1-0

[Event "Miedzywojewodzkie Mistrzostwa Juniorow O"]
[Site "Pokrzywna"]
[Date "2025.??.??"]
[Round "8.1"]
[White "Sieczkowski, Bartosz"]
[Black "Ciupek, Oskar"]
[Result "0-1"]
[WhiteElo "1478"]
[BlackElo "1840"]
[PlyCount "90"]
[EventDate "2025.??.??"]

1. e4 e5 2. Nf3 Nc6 3. Nc3 Nf6 4. a3 d5 5. Bb5 Bg4 6. exd5 Nxd5 7. Qe2 f6 8.
Qe4 Nf4 9. g3 Ng2+ 10. Kf1 Bh3 11. Bxc6+ bxc6 12. Qxc6+ Kf7 13. Qc4+ Ke7 14.
Qc5+ Kd7 15. Qb5+ Ke7 16. Kg1 Qc8 17. Nd5+ Kd8 18. Qd3 Bd6 19. Qc4 Re8 20. d3
Rb8 21. b3 e4 22. Nd4 Qg4 23. Bd2 Nh4 24. Ne3 Nf3+ 25. Nxf3 Qxf3 26. d4 f5 27.
Re1 f4 28. gxf4 Bxf4 29. Qe2 Bxe3 30. Qxf3 exf3 31. fxe3 Bg2 32. Kf2 Bxh1 33.
Rxh1 Rf8 34. Rg1 Rb6 35. Rxg7 Rh6 36. Bb4 Rxh2+ 37. Kf1 Re8 38. Ba5 Rxc2 39.
Rxh7 Rxe3 40. Rh3 Rxb3 41. Rh8+ Kd7 42. Rh7+ Kc8 43. Rxc7+ Rxc7 44. Bxc7 Kxc7
45. Kf2 Rxa3 0-1

[Event "Miedzywojewodzkie Mistrzostwa Juniorow O"]
[Site "Pokrzywna"]
[Date "2025.??.??"]
[Round "8.3"]
[White "Cichocki, Aleksander"]
[Black "Buziak, Szymon"]
[Result "1-0"]
[WhiteElo "1753"]
[BlackElo "1527"]
[PlyCount "95"]
[EventDate "2025.??.??"]

1. e4 c5 2. Nc3 a6 3. g3 b5 4. Bg2 Bb7 5. d3 e6 6. f4 d5 7. exd5 Nf6 8. Nh3
Nxd5 9. Nxd5 Bxd5 10. Qe2 Bxg2 11. Qxg2 Nd7 12. O-O Be7 13. Be3 O-O 14. Nf2 f5
15. c3 Qc7 16. c4 bxc4 17. dxc4 Bf6 18. Nd3 Rfd8 19. Rad1 Rab8 20. b3 g6 21.
Qf2 Rbc8 22. Rfe1 e5 23. Nxe5 Nxe5 24. fxe5 Rxd1 25. Rxd1 Bxe5 26. Rd5 Bd6 27.
Qd2 Bf8 28. Rd7 Qe5 29. Qd5+ Qxd5 30. cxd5 c4 31. bxc4 Rxc4 32. d6 Rc3 33. Bf4
Rd3 34. Rd8 g5 35. Be5 Rd5 36. d7 Rxe5 37. Rxf8+ Kxf8 38. d8=Q+ Re8 39. Qf6+
Kg8 40. Qxg5+ Kf8 41. Qxf5+ Kg8 42. Qg5+ Kh8 43. Qf6+ Kg8 44. Qxa6 Kg7 45. Qb7+
Kh8 46. Qb2+ Kg8 47. Kf2 Rf8+ 48. Kg2 1-0

[Event "Miedzywojewodzkie Mistrzostwa Juniorow O"]
[Site "Pokrzywna"]
[Date "2025.??.??"]
[Round "8.5"]
[White "Piotrowski, Aleksander"]
[Black "Janik, Albert"]
[Result "0-1"]
[WhiteElo "1468"]
[BlackElo "1663"]
[PlyCount "56"]
[EventDate "2025.??.??"]

1. e4 c5 2. d4 cxd4 3. c3 dxc3 4. Nxc3 Nc6 5. Bc4 e6 6. Nf3 a6 7. O-O b5 8. Bb3
Na5 9. Bc2 Bb7 10. Bf4 Be7 11. e5 f5 12. a3 g5 13. Nxg5 h5 14. h4 Qc7 15. Qe2
Bxg5 16. Bxg5 Ne7 17. b4 Nc4 18. Nd1 Qxe5 19. Qxe5 Nxe5 20. Bf6 Rg8 21. Ne3 Nc4
22. Bg5 Nxe3 23. fxe3 Ng6 24. Rf2 Ne5 25. Bb3 Rc8 26. Rxf5 exf5 27. Bxg8 Rc2
28. Ra2 Be4 {zapis nieczytelny} 0-1

[Event "Miedzywojewodzkie Mistrzostwa Juniorow O"]
[Site "Pokrzywna"]
[Date "2025.??.??"]
[Round "8.6"]
[White "Pisarski, Marek"]
[Black "Schoenfelder, Jakub"]
[Result "1-0"]
[WhiteElo "1563"]
[BlackElo "1462"]
[PlyCount "115"]
[EventDate "2025.??.??"]

1. e4 e6 2. d4 d5 3. exd5 exd5 4. Bd3 Nc6 5. Ne2 Bg4 6. f3 Bh5 7. Bf4 Be7 8.
Nbc3 Bh4+ 9. Bg3 Qf6 10. Nxd5 Qd6 11. Nxc7+ Qxc7 12. Bxh4 Nge7 13. Qd2 O-O 14.
Bxe7 Qxe7 15. O-O-O Rac8 16. c3 f6 17. Bc4+ Kh8 18. Nf4 Bf7 19. Rhe1 Qd7 20.
Bxf7 Qxf7 21. Kb1 g5 22. Nd3 Qc7 23. f4 gxf4 24. Qxf4 Qb6 25. Nc5 Qb5 26. Qf1
Qa5 27. Nxb7 Qb6 28. Nc5 Rb8 29. Qf2 Rf7 30. Re2 Qa5 31. Rd3 Qb5 32. Rde3 Na5
33. Qg3 Nc4 34. Qxb8+ Qxb8 35. Re8+ Rf8 36. Rxb8 Rxb8 37. Nd7 Rb7 38. Nxf6 Na3+
39. Kc1 Rf7 40. Nh5 Rf1+ 41. Kd2 Nc4+ 42. Kd3 Nd6 43. Re6 Rf5 44. g4 Rg5 45.
Rxd6 Rxg4 46. Rd8+ Rg8 47. Rxg8+ Kxg8 48. d5 Kf8 49. c4 Ke7 50. c5 Kd7 51. Nf6+
Kc8 52. d6 Kd8 53. c6 a5 54. Kd4 a4 55. Kc5 a3 56. Kb6 Kc8 57. c7 axb2 58. d7#
1-0

[Event "Miedzywojewodzkie Mistrzostwa Juniorow O"]
[Site "Pokrzywna"]
[Date "2025.??.??"]
[Round "8.7"]
[White "Reterski, Igor"]
[Black "Szeliga, Cezary"]
[Result "0-1"]
[WhiteElo "1481"]
[BlackElo "1525"]
[PlyCount "76"]
[EventDate "2025.??.??"]

1. d4 Nf6 2. Nf3 c5 3. Bf4 cxd4 4. Qxd4 Nc6 5. Qd1 d5 6. e3 Bg4 7. Nbd2 e5 8.
Bg5 e4 9. h3 Bh5 10. g4 Bg6 11. Nh4 Be7 12. Bb5 Rc8 13. f3 O-O 14. Ng2 Nd7 15.
Bf4 Nde5 16. Bxc6 Nxc6 17. h4 exf3 18. Nxf3 Be4 19. h5 Nb4 20. Kf1 Nxc2 21. Rc1
h6 22. Rg1 Qb6 23. b3 Ba3 24. Ne5 Bxc1 25. Nd7 Qb5+ 26. Kf2 Qxd7 27. Qxc1 Nb4
28. Qa3 Nd3+ 29. Kg3 Bxg2 30. Rxg2 Nxf4 31. exf4 Rc3+ 32. Kh2 Qc7 33. Qxa7
Qxf4+ 34. Kh1 Rc1+ 35. Rg1 Qf3+ 36. Kh2 Rc2+ 37. Qf2 Rxf2+ 38. Rg2 Qxg2# 0-1

[Event "Miedzywojewodzkie Mistrzostwa Juniorow O"]
[Site "Pokrzywna"]
[Date "2025.??.??"]
[Round "8.2"]
[White "Malinowski, Tobiasz"]
[Black "Schudy, Michal"]
[Result "1-0"]
[WhiteElo "1709"]
[BlackElo "1565"]
[PlyCount "55"]
[EventDate "2025.??.??"]

1. d4 d5 2. c4 e6 3. Nc3 Bb4 4. Nf3 Nf6 5. Qa4+ Nc6 6. Bg5 O-O 7. e3 Bd7 8. Qc2
Na5 9. cxd5 exd5 10. Bd3 h6 11. Bh4 c5 12. dxc5 Rc8 13. a3 Bxc5 14. b4 Be7 15.
O-O Nc4 16. Qb3 Be6 17. Rfd1 Qb6 18. Nd4 a6 19. Rac1 Bg4 20. Be2 Bxe2 21. Ndxe2
Rfe8 22. Bxf6 Qxf6 23. Nxd5 Qb2 24. Nxe7+ Rxe7 25. Qxb2 Nxb2 26. Rxc8+ Kh7 27.
Rdd8 Na4 28. Nf4 1-0